Yvette (Record no. 5922)

MARC details
000 -CABECERA
campo de control de longitud fija 00579nam a2200217 a 4500
001 - NÚMERO DE CONTROL
campo de control BRCA_6235
005 - FECHA Y HORA DE LA ÚLTIMA TRANSACCIÓN
campo de control 20190320205400.0
008 - DATOS DE LONGITUD FIJA--INFORMACIÓN GENERAL
campo de control de longitud fija 200711s----1919gw-#######---#000-0#ger-#
041 ## - CÓDIGO DE LENGUA
Código de lengua del texto/banda sonora o título independiente ger
044 ## - CÓDIGO DEL PAÍS DE LA ENTIDAD EDITORA/PRODUCTORA
Código MARC del país gw
050 #4 - SIGNATURA TOPOGRÁFICA DE LA BIBLIOTECA DEL CONGRESO
Número de clasificación PQ2349
Número de documento/Ítem .Y84 1919
100 1# - ENTRADA PRINCIPAL--NOMBRE DE PERSONA
Nombre de persona Maupassant, Guy de
Fechas asociadas al nombre 1850-1893.
9 (RLIN) 15661
245 10 - MENCIÓN DE TÍTULO
Título Yvette
Mención de responsabilidad, etc. Guy de Maupassant; Einleitung von Heinz Tovote.
260 ## - PUBLICACIÓN, DISTRIBUCIÓN, ETC.
Lugar de publicación, distribución, etc. Berlín
Nombre del editor, distribuidor, etc. Dr. Eysler
Fecha de publicación, distribución, etc. 1919
300 ## - DESCRIPCIÓN FÍSICA
Extensión 192 p.
Dimensiones 20 cm.
500 ## - NOTA GENERAL
Nota general K94
650 14 - PUNTO DE ACCESO ADICIONAL DE MATERIA--TÉRMINO DE MATERIA
Término de materia o nombre geográfico como elemento de entrada Literatura francesa
9 (RLIN) 15662
700 1# - PUNTO DE ACCESO ADICIONAL--NOMBRE DE PERSONA
Nombre de persona Tovote, Heinz
Término indicativo de función/relación intr.
9 (RLIN) 15663
902 ## - CATALOGADOR
Iniciales GFM
942 ## - ELEMENTOS DE PUNTO DE ACCESO ADICIONAL (KOHA)
Fuente del sistema de clasificación o colocación Library of Congress Classification
Tipo de ítem Koha Libros
Holdings
Estado de retiro Estado de pérdida Estado dañado No para préstamo Localización permanente Ubicación/localización actual Fecha de adquisición Número de inventario Total de préstamos Signatura topográfica completa Código de barras Fecha visto por última vez Precio válido a partir de Tipo de ítem Koha
El ejemplar forma parte de la colección y puede ser consultado según las políticas vigentes.       Biblioteca del Museo Franz Mayer (Rogerio Casas-Alatriste) Biblioteca del Museo Franz Mayer (Rogerio Casas-Alatriste) 20/07/2011 K94   PQ2349 .Y84 1919 (K94) 6674 22/03/2019 22/03/2019 Libros